The Western Front / (Record no. 552184)
[ view plain ]
| 000 -LEADER | |
|---|---|
| fixed length control field | 00325cgm a2200121 a 4500 |
| 082 ## - DEWEY DECIMAL CLASSIFICATION NUMBER | |
| Classification number | 954.4205 |
| Author Mark | CAN |
| 100 ## - MAIN ENTRY--PERSONAL NAME | |
| Personal name | Candeth. Pvsm |
| 9 (RLIN) | 49395 |
| 245 00 - TITLE STATEMENT | |
| Title | The Western Front / |
| Statement of responsibility, etc. | Candeth. Pvsm |
| 260 ## - PUBLICATION, DISTRIBUTION, ETC. | |
| Place of publication, distribution, etc. | Banglore : |
| Name of publisher, distributor, etc. | Allied Publishers, |
| Date of publication, distribution, etc. | 1930. |
| 300 ## - PHYSICAL DESCRIPTION | |
| Dimensions | 194 p. |
| 526 ## - STUDY PROGRAM INFORMATION NOTE | |
| Program name | 0 |
| Interest level | 0 |
| Reading level | 0 |
| Title point value | 954_420500000000000_CAN |
| 942 ## - ADDED ENTRY ELEMENTS (KOHA) | |
| Source of classification or shelving scheme | |
| Koha item type | Book |
| Withdrawn status | Lost status | Source of classification or shelving scheme | Damaged status | Not for loan | Permanent Location | Current Location | Date acquired | Total Checkouts | Full call number | Barcode | Date last seen | Date last checked out | Price effective from | Koha item type |
|---|---|---|---|---|---|---|---|---|---|---|---|---|---|---|
| Military College of Engineering (MCE) | Military College of Engineering (MCE) | 01/09/2015 | 2 | 954.4205 CAN | MCE-22224 | 12/24/2019 | 10/10/2019 | 01/09/2015 | Book |
